[Event "UZB-ch Men Final 2019"]
[Site "Tashkent"]
[Date "2019.07.13"]
[Round "12.4"]
[White "Khoroshev, Nikita"]
[Black "Sabirov, Asilbek"]
[Result "1-0"]
[WhiteElo "2414"]
[BlackElo "2147"]
[Annotator "TA"]
[PlyCount "63"]
[EventDate "2019.07.02"]
[EventType "tourn"]
[EventCountry "UZB"]
[SourceTitle "playchess.com"]
[Source "ChessBase"]
[SourceQuality "1"]

{[%evp 9,87,-5,0,-4,5,0,-11,0,-7,-7,-18,-39,-20,-50,1,0,0,0,0,0,116,102,133,75,77,71,79,67,84,71,99,132,107,131,283,278,257,242,402,403,372,383,375,360,361,194,202,200,197,197,202,174,183,159,355,312,311,312,310,310,307,293,293,251,254,248,251,265,29954,29955,29968,29967,6111,5985,29981,29982,29981,29982,29980,29980]} 1. d4 Nf6 2. Bf4 d5 3. e3 c5 4. c3 Nc6 5. Nd2 Bf5 (5... Qb6 6. Qb3 Nh5 7. Qxb6 axb6 8. Bc7 cxd4 9. exd4 e5 10. Bxe5 Nxe5 11. dxe5 Bc5 12. g3 O-O {1-0 (76) Aronian,L (2765)-Caruana,F (2832) London 2018}) 6. Qb3 {D00: 1 d4 d5: Unusual lines} Qc8 7. dxc5 e6 8. Qa3 {The position is equal.} e5 9. Bg3 $1 a5 10. Qa4 Nd7 $1 (10... Bxc5 $6 11. Bxe5 Qe6 12. Bxf6 $14) 11. Nb3 $1 Bc2 $146 (11... Bxc5 $6 12. Nxc5 Nxc5 13. Qb5 $11) (11... Be7 $15) ({Predecessor:} 11... f6 12. Rd1 Be6 {0-1 (76) Gavrijski,D (2046)-David Bordier,C (2140) ICCF email 2014}) 12. Rc1 $11 Nxc5 13. Qb5 Bxb3 $1 14. axb3 {Black must now prevent Bxe5.} e4 (14... f6 $11 {keeps the balance.}) 15. Rd1 $36 {[%mdl 2048] White is in control.} Qf5 16. Ne2 (16. Nh3 $142) 16... Nd3+ 17. Rxd3 exd3 18. Nf4 d2+ 19. Kxd2 {And now Bd3 would win.} Qb1 20. Nd3 Ba3 21. bxa3 O-O $2 {[#]} (21... Qa2+ $16 {was worth a try.} 22. Ke1 O-O 23. Qxb7 (23. Qxd5 Rad8 $17) 23... Rac8) 22. Ne1 $1 $18 ({Less strong is} 22. Qxb7 Rfc8 $14) 22... a4 23. b4 ({Don't blunder} 23. Qxb7 $2 Na5 $19) 23... d4 $2 (23... Qb2+ 24. Nc2 Rac8) 24. exd4 Rac8 {Threatens to win with ...Qb2+.} 25. Qd3 Qa2+ 26. Nc2 Rfd8 27. Be2 (27. Qe4 $142) 27... Nxd4 28. cxd4 Rxd4 29. Qxd4 Rxc2+ 30. Ke3 {[%cal Rd4d8]} Rxe2+ {[#]} 31. Kf3 $1 {Threatening mate with Qd8+.} Re8 $2 (31... Rd2 $16 32. Qe4 Qxa3+ 33. Kg4 Rd8) 32. Qd3 {Played: Rh1-e1} 1-0

[Event "UZB-ch Men Final 2019"]
[Site "Tashkent"]
[Date "2019.07.13"]
[Round "12.5"]
[White "Nigmatov, Ortik"]
[Black "Abdusattorov, Nodirbek"]
[Result "1-0"]
[WhiteElo "2488"]
[BlackElo "2598"]
[Annotator "TA"]
[PlyCount "79"]
[EventDate "2019.07.02"]
[EventType "tourn"]
[EventCountry "UZB"]
[SourceTitle "playchess.com"]
[Source "ChessBase"]
[SourceQuality "1"]

{[%evp 9,79,7,15,13,16,2,2,10,8,8,10,6,12,0,9,-2,0,1,10,10,7,0,8,0,15,16,22,22,22,22,17,0,41,27,55,60,60,21,56,0,31,0,0,0,31,0,12,-9,71,76,68,70,93,85,72,74,302,296,533,541,482,520,1585,-75,1520,1489,29980,29981,5297,2393,29989,29990]} 1. d4 Nf6 2. Nf3 b6 3. Bg5 Bb7 4. Nbd2 c5 5. c3 cxd4 (5... g6 6. Bxf6 exf6 7. dxc5 bxc5 8. e4 Bh6 9. Bc4 O-O 10. O-O Nc6 11. Bd5 Rb8 12. Re1 Ba6 13. Qc2 {0-1 (39) Van den Doel,E (2615)-Sokolov,I (2588) Amstelveen 2018}) 6. cxd4 {A46: 1 d4 Nf6 2 Nf3 e6: Torre, London and Colle Systems} e6 7. e4 h6 8. Bxf6 $1 {The position is equal.} Qxf6 9. Bd3 Nc6 10. e5 Qd8 11. O-O Be7 12. Rc1 O-O $146 ({Predecessor:} 12... Rc8 13. a3 O-O 14. Qe2 d5 15. h3 Rc7 16. Rc3 {0-1 (70) Chau Thi Ngoc,G (2171)-Nguyen T Thanh,A Dalat City 2005}) 13. a3 d5 14. Re1 Rc8 15. Qe2 Qd7 16. h4 Nb8 17. Nb1 Rxc1 18. Rxc1 Rc8 19. Nc3 Qd8 20. h5 Nd7 21. Nh2 Nf8 22. f4 Bc6 23. Ng4 b5 24. Rf1 ({White should try} 24. Bxb5 $14 Qb6 25. Rd1) 24... Be8 25. Qf3 ({Much weaker is} 25. Nxb5 Qb6 $15) 25... b4 26. axb4 Qb6 27. Ne2 Qxb4 28. f5 {aiming for f6.} exf5 (28... Bg5 $11 {keeps the balance.}) 29. Ne3 $36 {[%mdl 2112] Double Attack. White is on the roll.} ({Reject} 29. Bxf5 $6 Rd8 $15) 29... Bg5 30. Nxd5 Qb3 31. Qxf5 Rd8 32. Nc7 {Strongly threatening e6.} Bc6 $2 {[#]} (32... Bd7 $16 33. Qf3 Kh8) 33. e6 $1 $18 {[%mdl 512]} Bf6 $2 {[#]} (33... Kh8 34. exf7 a5) (33... fxe6 34. Qf7+) 34. e7 $1 {[%mdl 512]} Bxe7 35. Nc1 Qxb2 (35... Qb4 $142) 36. Qxf7+ {[%mdl 64] Double Attack} Kh8 {[%csl Gc6][%cal Rb2g2]} 37. Ne2 Qa3 38. Bc4 {[%csl Gc4][%cal Rf7g8]} Qe3+ 39. Rf2 {[%csl Gc4][%cal Rf7g8]} Nd7 40. Ne8 {Accuracy: White = 65%, Black = 36%.} 1-0

[Event "UZB-ch Men Final 2019"]
[Site "Tashkent"]
[Date "2019.07.13"]
[Round "12.6"]
[White "Yakubboev, Nodirbek"]
[Black "Vokhidov, Shamsiddin"]
[Result "*"]
[WhiteElo "2575"]
[BlackElo "2515"]
[Annotator "RC"]
[PlyCount "97"]
[EventDate "2019.07.02"]
[EventType "tourn"]
[EventCountry "UZB"]
[SourceTitle "playchess.com"]
[Source "ChessBase"]
[SourceQuality "1"]
[TimeControl "5400+30"]

1. d4 {[%emt 0:00:00]} Nf6 {[%emt 0:00:22]} 2. c4 {[%emt 0:00:09]} e6 {[%emt 0:00:07]} 3. Nf3 {[%emt 0:00:15]} d5 {[%emt 0:00:15]} 4. Nc3 {[%emt 0:01:44]} c6 {[%emt 0:02:34]} 5. e3 {[%emt 0:11:20]} Nbd7 {[%emt 0:00:10]} 6. Qc2 {[%emt 0:04:19]} Bd6 {[%emt 0:00:21]} 7. Bd2 {[%emt 0:02:20]} O-O {[%emt 0:07:34]} 8. h3 {[%emt 0:10:39]} Re8 {[%emt 0:00:30]} 9. O-O-O {[%emt 0:00:30]} e5 {[%emt 0:28:22]} 10. cxd5 {[%emt 0:25:08]} cxd5 {[%emt 0:02:09]} 11. Nb5 {[%emt 0:00:25]} Bb8 {[%emt 0:00:25]} 12. dxe5 {[%emt 0:02:41]} Nxe5 {[%emt 0:02:03]} 13. Bc3 {[%emt 0:09:29]} Bd7 {[%emt 0:10:17]} 14. Kb1 {[%emt 0:00:53]} a6 {[%emt 0:01:56]} 15. Bxe5 {[%emt 0:02:34]} Bxe5 {[%emt 0:01:13]} 16. Nxe5 {[%emt 0:00:45]} Rxe5 {[%emt 0:08:18]} 17. Nc3 {[%emt 0:00:53]} b5 {[%emt 0:00:51]} 18. Bd3 {[%emt 0:04:00]} b4 {[%emt 0:02:12]} 19. Ne2 {[%emt 0:00:19]} Rc8 {[%emt 0:00:55]} 20. Qd2 {[%emt 0:00:20]} Qb6 {[%emt 0:00:09]} 21. Rc1 {[%emt 0:00:50]} Ree8 {[%emt 0:00:21]} 22. Rxc8 {[%emt 0:03:23]} Rxc8 {[%emt 0:00:18]} 23. f3 {[%emt 0:01:58]} Re8 {[%emt 0:05:34]} 24. Nd4 {[%emt 0:00:02]} a5 {[%emt 0:01:32]} 25. g4 {[%emt 0:00:45]} Bc8 {[%emt 0:01:13]} 26. Rc1 {[%emt 0:00:56]} Bb7 {[%emt 0:00:57]} 27. Bb5 {[%emt 0:01:08]} Rc8 {[%emt 0:01:17]} 28. Qh2 {[%emt 0:04:50]} h6 {[%emt 0:03:01]} 29. h4 {[%emt 0:02:50]} Rxc1+ {[%emt 0:02:01]} 30. Kxc1 {[%emt 0:00:01]} Ba6 {[%emt 0:00:18]} 31. Ba4 {[%emt 0:05:36]} Bc4 {[%emt 0:03:59]} 32. g5 {[%emt 0:00:50]} hxg5 {[%emt 0:00:35]} 33. hxg5 {[%emt 0:00:05]} Nh7 {[%emt 0:00:05]} 34. Qe5 {[%emt 0:02:14]} Qc5 {[%emt 0:05:13]} 35. Kd2 {[%emt 0:00:55]} Nf8 {[%emt 0:01:42]} 36. Qe8 {[%emt 0:00:56]} Qd6 {[%emt 0:02:10]} 37. f4 {[%emt 0:00:48]} Qg6 {[%emt 0:01:36]} 38. Bc2 {[%emt 0:00:30]} Qh5 {[%emt 0:00:03]} 39. b3 {[%emt 0:01:09]} Qh2+ {[%emt 0:02:36]} 40. Kc1 {[%emt 0:00:06]} Qg1+ {[%emt 0:00:22]} 41. Kb2 {[%emt 0:00:12]} Qe1 {[%emt 0:00:06]} 42. bxc4 {[%emt 0:00:32]} Qc3+ {[%emt 0:00:34]} 43. Kc1 {[%emt 0:00:10]} Qe1+ {[%emt 0:00:03]} 44. Bd1 {[%emt 0:00:28]} dxc4 {[%emt 0:00:20]} 45. Nc2 {[%emt 0:01:25]} Qc3 {[%emt 0:00:20]} 46. Qd8 {[%emt 0:00:33]} b3 {[%emt 0:03:16]} 47. Qd4 {[%emt 0:00:03]} Qxd4 {[%emt 0:00:12]} 48. Nxd4 {[%emt 0:00:01]} a4 {[%emt 0:00:05]} 49. Be2 {[%emt 0:00:51]} *

[Event "UZB-ch Men Final 2019"]
[Site "Tashkent"]
[Date "2019.07.14"]
[Round "13.1"]
[White "Abdusattorov, Nodirbek"]
[Black "Yakubboev, Nodirbek"]
[Result "1/2-1/2"]
[WhiteElo "2598"]
[BlackElo "2575"]
[Annotator "ChessBase"]
[PlyCount "82"]
[EventDate "2019.07.02"]
[EventType "tourn"]
[EventCountry "UZB"]
[SourceTitle "playchess.com"]
[Source "ChessBase"]
[SourceQuality "1"]
[TimeControl "5400+30"]

1. e4 {[%emt 0:00:00]} e5 {[%emt 0:00:22]} 2. Nf3 {[%emt 0:00:30]} Nc6 {[%emt 0:00:15]} 3. Bb5 {[%emt 0:00:31]} Nf6 {[%emt 0:00:49]} 4. d3 {[%emt 0:03:12]} d6 {[%emt 0:07:52]} 5. O-O {[%emt 0:02:28]} Bd7 {[%emt 0:01:25]} 6. c4 {[%emt 0:02:52]} g6 {[%emt 0:01:18]} 7. Nc3 {[%emt 0:01:46]} Bg7 {[%emt 0:01:02]} 8. h3 {[%emt 0:00:42]} O-O {[%emt 0:01:14]} 9. Be3 {[%emt 0:01:03]} Nh5 {[%emt 0:14:26]} 10. Rc1 {[%emt 0:26:27]} Nf4 {[%emt 0:13:06]} 11. Bxc6 {[%emt 0:05:20]} bxc6 {[%emt 0:11:33]} 12. d4 {[%emt 0:04:02]} Ne6 {[%emt 0:05:13]} 13. d5 {[%emt 0:11:31]} Nf4 {[%emt 0:01:06]} 14. dxc6 {[%emt 0:00:34]} Bxc6 {[%emt 0:00:10]} 15. Bxf4 {[%emt 0:01:59]} exf4 {[%emt 0:00:09]} 16. Qd2 {[%emt 0:00:13]} Rb8 {[%emt 0:09:40]} 17. Rfe1 {[%emt 0:02:01]} Re8 {[%emt 0:00:11]} 18. b3 {[%emt 0:02:14]} Bxc3 {[%emt 0:01:26]} 19. Rxc3 {[%emt 0:01:14]} Qf6 {[%emt 0:00:09]} 20. Qd4 {[%emt 0:04:35]} Qxd4 {[%emt 0:02:43]} 21. Nxd4 {[%emt 0:00:05]} Rxe4 {[%emt 0:05:45]} 22. Rxe4 {[%emt 0:00:10]} Bxe4 {[%emt 0:00:02]} 23. Rc1 {[%emt 0:01:55]} a6 {[%emt 0:03:14]} 24. f3 {[%emt 0:00:50]} Bb7 {[%emt 0:05:37]} 25. c5 {[%emt 0:00:11]} Kg7 {[%emt 0:02:42]} 26. cxd6 {[%emt 0:03:12]} cxd6 {[%emt 0:00:01]} 27. Rc7 {[%emt 0:00:20]} Kf6 {[%emt 0:01:52]} 28. Kf2 {[%emt 0:00:59]} Ke5 {[%emt 0:01:15]} 29. Ne2 {[%emt 0:01:10]} Bd5 {[%emt 0:00:05]} 30. Ke1 {[%emt 0:03:58]} g5 {[%emt 0:01:14]} 31. Kd2 {[%emt 0:00:58]} h5 {[%emt 0:00:36]} 32. Nc3 {[%emt 0:01:24]} Be6 {[%emt 0:00:22]} 33. Rc6 {[%emt 0:00:24]} g4 {[%emt 0:01:18]} 34. hxg4 {[%emt 0:01:36]} hxg4 {[%emt 0:00:01]} 35. Rxa6 {[%emt 0:03:41]} Rh8 {[%emt 0:01:50]} 36. Ra4 {[%emt 0:00:59]} d5 {[%emt 0:00:57]} 37. Ne2 {[%emt 0:00:56]} Rh2 {[%emt 0:00:45]} 38. Ke1 {[%emt 0:00:59]} Rh1+ {[%emt 0:00:39]} 39. Kd2 {[%emt 0:00:12]} Rh2 {[%emt 0:00:19]} 40. Ke1 {[%emt 0:00:04]} Rh1+ {[%emt 0:04:50]} 41. Kd2 {[%emt 0:00:05]} Rh2 {[%emt 0:00:05]} 1/2-1/2

[Event "UZB-ch Men Final 2019"]
[Site "Tashkent"]
[Date "2019.07.14"]
[Round "13.2"]
[White "Sabirov, Asilbek"]
[Black "Nigmatov, Ortik"]
[Result "0-1"]
[WhiteElo "2147"]
[BlackElo "2488"]
[Annotator "ChessBase"]
[PlyCount "55"]
[EventDate "2019.07.02"]
[EventType "tourn"]
[EventCountry "UZB"]
[SourceTitle "playchess.com"]
[Source "ChessBase"]
[SourceQuality "1"]
[TimeControl "5400+30"]

1. c4 {[%emt 0:00:00]} Nf6 {[%emt 0:00:00]} 2. Nc3 {[%emt 0:00:00]} g6 {[%emt 0:00:03]} 3. g3 {[%emt 0:00:00]} Bg7 {[%emt 0:00:03]} 4. Bg2 {[%emt 0:00:00]} O-O {[%emt 0:00:05]} 5. Nf3 {[%emt 0:00:08]} d6 {[%emt 0:00:04]} 6. O-O {[%emt 0:00:07]} e5 {[%emt 0:00:07]} 7. d3 {[%emt 0:00:05]} Nc6 {[%emt 0:00:06]} 8. Rb1 {[%emt 0:00:08]} a5 {[%emt 0:00:04]} 9. a3 {[%emt 0:00:05]} h6 {[%emt 0:00:04]} 10. b4 {[%emt 0:02:58]} axb4 {[%emt 0:00:18]} 11. axb4 {[%emt 0:00:01]} Be6 {[%emt 0:00:05]} 12. b5 {[%emt 0:03:30]} Ne7 {[%emt 0:00:09]} 13. Bb2 {[%emt 0:01:39]} Qd7 {[%emt 0:00:06]} 14. Re1 {[%emt 0:01:43]} Bh3 {[%emt 0:00:08]} 15. Bh1 {[%emt 0:00:05]} Ng4 {[%emt 0:00:10]} 16. Nd2 {[%emt 0:01:49]} Rab8 {[%emt 0:00:14]} 17. Nd5 {[%emt 0:00:13]} f5 {[%emt 0:06:19]} 18. Nxe7+ {[%emt 0:08:03]} Qxe7 {[%emt 0:00:04]} 19. Bg2 {[%emt 0:05:08]} Bxg2 {[%emt 0:00:40]} 20. Kxg2 {[%emt 0:00:02]} f4 {[%emt 0:00:51]} 21. h3 {[%emt 0:01:33]} Nxf2 {[%emt 0:10:07]} 22. Kxf2 {[%emt 0:00:06]} fxg3+ {[%emt 0:00:03]} 23. Kg2 {[%emt 0:00:39]} Rf2+ {[%emt 0:01:30]} 24. Kxg3 {[%emt 0:00:28]} Rbf8 {[%emt 0:00:30]} 25. Nf3 {[%emt 0:01:39]} R8xf3+ {[%emt 0:00:54]} 26. exf3 {[%emt 0:00:26]} Qh4+ {[%emt 0:00:21]} 27. Kxh4 {[%emt 0:00:05]} Rg2 {[%emt 0:00:05]} 28. Bc1 0-1

[Event "UZB-ch Men Final 2019"]
[Site "Tashkent"]
[Date "2019.07.14"]
[Round "13.3"]
[White "Dzhumaev, Marat"]
[Black "Khoroshev, Nikita"]
[Result "1/2-1/2"]
[WhiteElo "2439"]
[BlackElo "2414"]
[Annotator "ChessBase"]
[PlyCount "32"]
[EventDate "2019.07.02"]
[EventType "tourn"]
[EventCountry "UZB"]
[SourceTitle "playchess.com"]
[Source "ChessBase"]
[SourceQuality "1"]
[TimeControl "5400+30"]

1. e4 {[%emt 0:04:51]} e5 {[%emt 0:00:00]} 2. Nf3 {[%emt 0:00:28]} Nc6 {[%emt 0:00:00]} 3. Bb5 {[%emt 0:12:27]} Nf6 {[%emt 0:00:01]} 4. Bxc6 {[%emt 0:04:41]} dxc6 {[%emt 0:02:24]} 5. d3 {[%emt 0:00:10]} Nd7 {[%emt 0:00:18]} 6. Nbd2 {[%emt 0:00:15]} Bd6 {[%emt 0:01:02]} 7. Nc4 {[%emt 0:00:57]} c5 {[%emt 0:00:09]} 8. O-O {[%emt 0:00:33]} O-O {[%emt 0:00:09]} 9. Bd2 {[%emt 0:05:42]} Re8 {[%emt 0:00:10]} 10. a3 {[%emt 0:01:05]} Nf8 {[%emt 0:03:51]} 11. h3 {[%emt 0:01:19]} f6 {[%emt 0:00:13]} 12. b4 {[%emt 0:01:03]} Ne6 {[%emt 0:00:05]} 13. c3 {[%emt 0:05:59]} Bf8 {[%emt 0:00:34]} 14. Be3 {[%emt 0:00:11]} b6 {[%emt 0:01:02]} 15. Qc2 {[%emt 0:00:27]} a5 {[%emt 0:00:44]} 16. bxc5 {[%emt 0:05:13]} Nxc5 {[%emt 0:00:27]} 1/2-1/2

[Event "UZB-ch Men Final 2019"]
[Site "Tashkent"]
[Date "2019.07.14"]
[Round "13.4"]
[White "Abdisalimov, Abdimalik"]
[Black "Sindarov, Javokhir"]
[Result "0-1"]
[WhiteElo "2391"]
[BlackElo "2479"]
[Annotator "ChessBase"]
[PlyCount "82"]
[EventDate "2019.07.02"]
[EventType "tourn"]
[EventCountry "UZB"]
[SourceTitle "playchess.com"]
[Source "ChessBase"]
[SourceQuality "1"]
[TimeControl "5400+30"]

1. d4 {[%emt 0:00:00]} Nf6 {[%emt 0:00:00]} 2. c4 {[%emt 0:00:00]} g6 {[%emt 0:00:00]} 3. Nc3 {[%emt 0:00:00]} d5 {[%emt 0:00:00]} 4. Nf3 {[%emt 0:00:00]} Bg7 {[%emt 0:00:00]} 5. Bg5 {[%emt 0:00:00]} Ne4 {[%emt 0:00:40]} 6. cxd5 {[%emt 0:00:30]} Nxg5 {[%emt 0:01:12]} 7. Nxg5 {[%emt 0:00:04]} e6 {[%emt 0:00:06]} 8. Qd2 {[%emt 0:00:02]} h6 {[%emt 0:03:46]} 9. Nh3 {[%emt 0:00:37]} exd5 {[%emt 0:00:06]} 10. Qe3+ {[%emt 0:04:48]} Kf8 {[%emt 0:00:07]} 11. Nf4 {[%emt 0:00:07]} c6 {[%emt 0:00:06]} 12. O-O-O {[%emt 0:00:32]} Nd7 {[%emt 0:02:13]} 13. Qd3 {[%emt 0:03:25]} Nf6 {[%emt 0:01:44]} 14. f3 {[%emt 0:00:39]} h5 {[%emt 0:14:35]} 15. e4 {[%emt 0:02:31]} Bh6 {[%emt 0:00:08]} 16. g3 {[%emt 0:00:03]} g5 {[%emt 0:00:08]} 17. Nfe2 {[%emt 0:00:38]} g4+ {[%emt 0:00:25]} 18. Nf4 {[%emt 0:02:09]} h4 {[%emt 0:14:02]} 19. Kb1 {[%emt 0:05:09]} b5 {[%emt 0:16:46]} 20. e5 {[%emt 0:22:45]} b4 {[%emt 0:06:19]} 21. Na4 {[%emt 0:01:27]} Bxf4 {[%emt 0:00:07]} 22. gxf4 {[%emt 0:00:06]} Nh5 {[%emt 0:00:05]} 23. fxg4 {[%emt 0:03:54]} Bxg4 {[%emt 0:00:22]} 24. Rc1 {[%emt 0:00:10]} Nxf4 {[%emt 0:00:28]} 25. Qd2 {[%emt 0:00:03]} Qg5 {[%emt 0:02:12]} 26. Qxb4+ {[%emt 0:03:33]} Kg7 {[%emt 0:00:07]} 27. Ba6 {[%emt 0:04:52]} Rh6 {[%emt 0:02:28]} 28. Rcf1 {[%emt 0:02:52]} Rg6 {[%emt 0:01:09]} 29. Qd2 {[%emt 0:02:38]} Bf5+ {[%emt 0:03:11]} 30. Ka1 {[%emt 0:00:37]} Be4 {[%emt 0:01:01]} 31. Rhg1 {[%emt 0:01:28]} Qxg1 {[%emt 0:00:10]} 32. Qxf4 {[%emt 0:00:04]} Rf8 {[%emt 0:00:33]} 33. Nc5 {[%emt 0:00:57]} Qxd4 {[%emt 0:07:09]} 34. Nd7 {[%emt 0:00:56]} Rg1 {[%emt 0:00:15]} 35. Qc1 {[%emt 0:00:03]} Rxf1 {[%emt 0:00:17]} 36. Qxf1 {[%emt 0:00:02]} Bg6 {[%emt 0:00:49]} 37. Nxf8 {[%emt 0:02:00]} Kxf8 {[%emt 0:00:08]} 38. e6 {[%emt 0:00:02]} Qe5 {[%emt 0:00:39]} 39. exf7 {[%emt 0:00:03]} Qxh2 {[%emt 0:00:06]} 40. Qf6 {[%emt 0:01:57]} Qh1+ {[%emt 0:00:13]} 41. Bf1 {[%emt 0:00:03]} Qe4 {[%emt 0:00:06]} 0-1

[Event "UZB-ch Men Final 2019"]
[Site "Tashkent"]
[Date "2019.07.14"]
[Round "13.5"]
[White "Rakhimov, Rakhmatjon"]
[Black "Iuldachev, Saidali"]
[Result "0-1"]
[WhiteElo "2107"]
[BlackElo "2451"]
[Annotator "ChessBase"]
[PlyCount "67"]
[EventDate "2019.07.02"]
[EventType "tourn"]
[EventCountry "UZB"]
[SourceTitle "playchess.com"]
[Source "ChessBase"]
[SourceQuality "1"]
[TimeControl "5400+30"]

1. d4 {[%emt 0:00:00]} d6 {[%emt 0:00:40]} 2. c4 {[%emt 0:00:00]} e5 {[%emt 0:00:27]} 3. Nf3 {[%emt 0:07:10]} e4 {[%emt 0:00:20]} 4. Nfd2 {[%emt 0:04:16]} f5 {[%emt 0:09:41]} 5. Nc3 {[%emt 0:01:09]} Nf6 {[%emt 0:00:31]} 6. g3 {[%emt 0:06:22]} h5 {[%emt 0:04:32]} 7. h4 {[%emt 0:04:07]} c6 {[%emt 0:25:11]} 8. Bh3 {[%emt 0:03:32]} d5 {[%emt 0:01:09]} 9. cxd5 {[%emt 0:01:34]} e3 {[%emt 0:03:21]} 10. fxe3 {[%emt 0:02:34]} Bd6 {[%emt 0:00:13]} 11. Kf2 {[%emt 0:18:49]} cxd5 {[%emt 0:04:22]} 12. Kg2 {[%emt 0:01:42]} Nc6 {[%emt 0:01:57]} 13. Qb3 {[%emt 0:02:18]} Bc7 {[%emt 0:01:50]} 14. Rf1 {[%emt 0:01:15]} g6 {[%emt 0:05:00]} 15. e4 {[%emt 0:04:56]} dxe4 {[%emt 0:05:00]} 16. Ndxe4 {[%emt 0:02:39]} Nxe4 {[%emt 0:01:07]} 17. Nxe4 {[%emt 0:02:10]} Nxd4 {[%emt 0:00:25]} 18. Qc4 {[%emt 0:06:10]} Be6 {[%emt 0:02:43]} 19. Qc5 {[%emt 0:03:37]} b6 {[%emt 0:02:58]} 20. Qc3 {[%emt 0:01:11]} Bd5 {[%emt 0:02:11]} 21. Bg5 {[%emt 0:00:41]} Bxe4+ {[%emt 0:01:11]} 22. Kf2 {[%emt 0:02:09]} Qd7 {[%emt 0:03:43]} 23. Bf6 {[%emt 0:03:18]} Nb5 {[%emt 0:01:41]} 24. Qb3 {[%emt 0:03:50]} Rf8 {[%emt 0:00:49]} 25. Rfd1 {[%emt 0:00:29]} Nd6 {[%emt 0:00:25]} 26. Be5 {[%emt 0:04:47]} O-O-O {[%emt 0:02:44]} 27. Rac1 {[%emt 0:00:35]} Kb7 {[%emt 0:00:11]} 28. Rd4 {[%emt 0:05:33]} Bb8 {[%emt 0:03:48]} 29. Rcd1 {[%emt 0:00:26]} Qe7 {[%emt 0:01:30]} 30. Bf4 {[%emt 0:03:12]} Bc6 {[%emt 0:00:12]} 31. Bg5 {[%emt 0:02:01]} Ne4+ {[%emt 0:01:06]} 32. Rxe4 {[%emt 0:01:17]} fxe4+ {[%emt 0:00:12]} 33. Kg2 {[%emt 0:00:13]} e3+ {[%emt 0:00:30]} 34. Kh2 {[%emt 0:00:06]} 0-1